| 000 | 00344nam a2200109Ia 4500 | ||
|---|---|---|---|
| 008 | 170221s9999 xx 000 0 und d | ||
| 100 | _aMark Brimble | ||
| 245 | _aEditorial: Special Issue on Financial Planning | ||
| 245 | _cMark Brimble, Brian Murphy, and Rakesh Gupta | ||
| 650 | _xBusiness | ||
| 856 | _uhttp://ro.uow.edu.au/aabfj/vol6/iss4/1/ | ||
| 999 |
_c307591 _d307591 |
||